000 00578nam a22001697a 4500
003 OSt
005 20260325120026.0
008 260325b |||||||| |||| 00| 0 eng d
040 _cMRSPTU
041 _aEnglish
100 _aAbdul Kadir, Supervisor: Dr. Puneet Kumar
245 _aNeuroprotective Effect of Berberine Against Haloperidol Induced Tardive Dyskinesia In Rats
260 _bDepartment of Pharmacy, MRSPTU, Bathinda
_c2020
650 _aPharmaceutical Sciences and Technology
856 _uhttp://163.47.215.52:8080/jspui/handle/123456789/87
942 _2ddc
_cTH
_n0
999 _c11255
_d11255